000 00471nam a2200181Ia 4500
003 GCL
008 140319s9999 xx 000 0 eng d
040 _aGCL /
_cGCL
082 0 4 _a809.3
_bA T
100 1 _aARMITT, LUCIE
245 1 0 _aTHEORIZING THE FANTASTIC /
_cARMITT, LUCIE
260 _a[S.N] :
_bARNOLD PUBLISHERS ،
_c1996
300 _a205 P
650 0 4 _aLITERATURE
650 0 4 _aLITERATURE - HISTORY
650 0 4 _aLITERATURE - CRITICISM
942 _2ddc
_cBK
999 _c13170
_d13170